• 首页
  • 本馆介绍
  • 公告通知
  • 最新文献
  • 馆藏检索
  • 电子资源
  • 读者导购
  • 参考咨询
  • 我的图书馆
  • 登录
  • 详细信息显示
  • 放入我的书架
  • 预约/预借图书
  • 作者相关作品
  • 分类相关作品
  • 丛书相关作品
  • 出版社相关作品

书目信息

  • 表格格式
  • 工作单格式
  • 卡片格式
题名:
财经法规与会计职业道德
    
 
作者: ;天津市会计从业资格考试辅导用书编写组 编
分册:  
出版信息: 北京   经济科学出版社  2009
页数: 359页
开本: 21cm
丛书名:
单 册:
中图分类: D922.2 , F23
科图分类:
主题词: 财政法--中国--会计--资格考核--自学参考资料 , 经济法--中国--会计--资格考核--自学参考资料 , 会计人员--职业道德--资格考核--自学参考资料
电子资源:
ISBN: 978-7-5058-7867-9
000 00832nam0 2200265 45
001 1029971425
005 20100428144041.04
010    @a978-7-5058-7867-9@dCNY22.00
100    @a20100420d2009 em y0chiy0120 ea
101 0  @achi
102    @aCN@b110000
105    @ay z 000yy
106    @ar
200 1  @a财经法规与会计职业道德@f天津市会计从业资格考试辅导用书编写组编
210    @a北京@c经济科学出版社@d2009
215    @a359页@d21cm
300    @a天津市会计从业资格考试辅导用书
606 0  @a财政法@y中国@x会计@x资格考核@j自学参考资料
606 0  @a经济法@y中国@x会计@x资格考核@j自学参考资料
606 0  @a会计人员@x职业道德@x资格考核@j自学参考资料
690    @aD922.2@v4
690    @aF23@v4
711 02 @a天津市会计从业资格考试辅导用书编写组@4编
801  0 @aCN@bTANGWEI@c20100428
905    @b0595085-89@dD922.2@e910@f5
    
    财经法规与会计职业道德/天津市会计从业资格考试辅导用书编写组编.-北京:经济科学出版社,2009
    359页;21cm
    天津市会计从业资格考试辅导用书
    
    ISBN 978-7-5058-7867-9:CNY22.00
    
●
相关链接 在E读中查询图书 在五车中查询图书 在当当中查询图书 在豆瓣中查询图书


正题名:财经法规与会计职业道德     索取号:D922.2/910         预约/预借

序号 登录号 条形码 馆藏地/架位号 状态 备注
1 0595085   205950853   第一样本阅览室/ [索取号:D922.2/910] 在馆    
2 0595086   205950862   第一借阅区/ [索取号:D922.2/910] 在馆    
3 0595087   205950871   第一借阅区/ [索取号:D922.2/910] 在馆    
4 0595088   205950880   第一借阅区/ [索取号:D922.2/910] 在馆    
5 0595089   205950899   第一借阅区/ [索取号:D922.2/910] 在馆    
唐山师范学院图书馆 欢迎您!
大连网信软件有限公司© 版权所有